| 000 | 01093nam a22003497a 4500 | ||
|---|---|---|---|
| 001 | 000439 | ||
| 003 | DO-SdBPM | ||
| 005 | 20250710132350.0 | ||
| 007 | ta | ||
| 008 | 160829b1998 sp | |||| 00| 0 spa d | ||
| 020 | _a8439702035 | ||
| 040 |
_aDO-SdBPM _bspa _cBPMSU _erda |
||
| 082 | 4 |
_a808.81 _bP475c 1998 _2 22 |
|
| 100 | 1 |
_aPessoa, Fernando, _d1888-1935. _eautor |
|
| 245 | 1 | 0 |
_a42 poemas / _cFernando Pessoa ; traducción de Ángel Crespo ; selección de Jacobo Satrústegui. |
| 246 | 1 | 0 | _aCuarenta y dos poemas. |
| 264 |
_aMadrid : _bMondadori, _c1998. |
||
| 300 |
_a69 páginas ; _c16 cm. |
||
| 336 |
_atexto _btxt _2rdacontent |
||
| 337 |
_asin mediación _bn _2rdamedia |
||
| 338 |
_avolumen _bnc _2rdacarrier |
||
| 490 | 0 |
_aMitos poesía, _v2 |
|
| 500 | _aIncluye datos del autor. | ||
| 590 | _aInventariado, 2025/VM | ||
| 650 | 7 | _a Poesía amorosa | |
| 650 | 7 |
_aSilencio _vPoesías. |
|
| 650 | 7 |
_aVida _vPoesías. |
|
| 700 | 1 |
_aCrespo, Ángel, _etraductor |
|
| 700 | 1 | _aSatrústegui, Jacobo | |
| 910 | _aVMateo V: Control de calidad. BPMSU | ||
| 942 |
_2ddc _cBK |
||
| 999 |
_c11207 _d11207 |
||